000 01523cam a22005054i 4500
003 PE-LiUPU
005 20250731172823.0
008 150617s ag r 000 0 spa d
035 _a(Sirsi) a14977
040 _aPE-LiUPU
_bspa
_cPE-LiUPU
_erda
049 _aPRUA
082 0 4 _a266.0092
_bK142
_223
100 1 _aKalbermater, Pedro,
_d1886-1968,
_eautor.
_95533
245 1 0 _a20 años como misionero entre los indios del Perú :
_b(Apuntes autobiográficos) /
_cPedro Kalbermater.
264 1 _aBuenos Aires :
_bEditorial Nueva Impresora,
_c1950.
300 _a257 páginas ;
_c18 cm
336 _atext
_2rdacontent
337 _aunmediated
_2rdamedia
338 _avolume
_2rdacarrier
505 0 _aVeinte años como misionero entre los indios del Perú (Apuntes autobiográficos), Pedro Kalbermatter.
526 _aSEG42
526 _aSEG41
526 _aSEG40
526 _aSEG39
526 _aP94
526 _aP87
526 _aP86
526 _aP85
526 _aP77
526 _aP76
526 _aP35
600 0 _aKalbermater, Pedro,
_d1886-1968.
_95533
650 2 4 _aMisioneros
_zPerú
_vBiografía.
_95534
650 2 4 _aIndígenas del Perú
_xCondiciones sociales
_ySiglo XX.
_95535
650 2 4 _aRelatos misioneros.
_95536
942 _2ddc
_cBK
980 _81
_gALBERTO SANCHEZ Responsable de Automatización
999 _c5513
_d5513